书目信息 |
| 题名: |
2024年国家法律职业资格考试通用教材
|
|
| 作者: | 叶晓川 编著 | |
| 分册: | 第八册 理论法 | |
| 出版信息: | 北京 中国政法大学出版社 2024 |
|
| 页数: | 315页 | |
| 开本: | 26cm | |
| 丛书名: | ||
| 单 册: | ||
| 中图分类: | D920.4 , D9 | |
| 科图分类: | ||
| 主题词: | 法的理论--中国--资格考试--教材 , 法律 | |
| 电子资源: | ||
| ISBN: | 978-7-5764-1278-9 | |
| 000 | 01166nam0 2200253 450 | |
| 001 | 012024000078 | |
| 005 | 20240925153143.94 | |
| 010 | @a978-7-5764-1278-9@dCNY68.00 | |
| 100 | @a20240924d2024 em y0chiy50 ea | |
| 101 | 0 | @achi |
| 102 | @aCN@b110000 | |
| 105 | @ay z 000yy | |
| 106 | @ar | |
| 200 | 1 | @a2024年国家法律职业资格考试通用教材@A2024 nian guo jia fa lu zhi ye zi ge kao shi tong yong jiao cai@h第八册@i理论法@f叶晓川编著 |
| 210 | @a北京@c中国政法大学出版社@d2024 | |
| 215 | @a315页@d26cm | |
| 330 | @a本书为理论法学部分。本书由从事多年教学的名师根据新大纲对本学科相关理论进行阐释,为考生有效复习提供方向。本书严格按照国家统一法律职业资格考试大纲编撰,体系完整,编排得当,重点突出。全书渗透着参编教师多年的教学经验,体现着对法律职业资格考试规律和应考学科知识的深刻理解和把握,同时适应备考人员的学习方式、学习习惯等特点。对于相关知识点进行了解析和提示,帮助考生熟悉考试情况,适应考试规律。 | |
| 606 | 0 | @a法的理论@y中国@x资格考试@j教材 |
| 606 | 0 | @a法律 |
| 690 | @aD920.4@v5 | |
| 690 | @aD9@v4 | |
| 701 | 0 | @a叶晓川@Aye xiao chuan@4编著 |
| 801 | 0 | @aCN@bAHXH@c20240924 |
| 905 | @b214132632@b214132641@b214132650@b214132669@b214132678@dD9@e920:8@f5 | |
| 2024年国家法律职业资格考试通用教材.第八册.理论法/叶晓川编著.-北京:中国政法大学出版社,2024 |
| 315页;26cm |
| ISBN 978-7-5764-1278-9:CNY68.00 |
| 本书为理论法学部分。本书由从事多年教学的名师根据新大纲对本学科相关理论进行阐释,为考生有效复习提供方向。本书严格按照国家统一法律职业资格考试大纲编撰,体系完整,编排得当,重点突出。全书渗透着参编教师多年的教学经验,体现着对法律职业资格考试规律和应考学科知识的深刻理解和把握,同时适应备考人员的学习方式、学习习惯等特点。对于相关知识点进行了解析和提示,帮助考生熟悉考试情况,适应考试规律。 |
| ● |
| 相关链接 |
|
|
|
|
正题名:2024年国家法律职业资格考试通用教材
索取号:D9/920:8
 
预约/预借
| 序号 | 登录号 | 条形码 | 馆藏地/架位号 | 状态 | 备注 |
| 1 | 1413263 | 214132632 | 第一样本阅览室/ [索取号:D9/920:8] | 在馆 | |
| 2 | 1413264 | 214132641 | 第一借阅区/ [索取号:D9/920:8] | 在馆 | |
| 3 | 1413265 | 214132650 | 第一借阅区/ [索取号:D9/920:8] | 在馆 | |
| 4 | 1413266 | 214132669 | 第一借阅区/ [索取号:D9/920:8] | 在馆 | |
| 5 | 1413267 | 214132678 | 第一借阅区/ [索取号:D9/920:8] | 在馆 |